000 00503nam a2200181Ia 4500
001 18851
005 20260306171701.0
008 260306s9999||||xx |||||||||||||| ||und||
041 _aESP
082 _a658.5
_bS756
100 _aSlone, Reuben E.
_eAUT
245 0 _aTransformando la cadena de suministro:
_binnovando para la creación de valor en todos los procesos críticos
260 _c2011
300 _a210 páginas :
_c23 cm.
650 _aGEN
654 _aCAN
942 _cLIB
_dJUS
_fJUS
_2ddc
_n
999 _c18851
_d18851